<?xml version="1.0" encoding="UTF-8"?><?xml-stylesheet type="text/xsl" href="static/style.xsl"?><OAI-PMH xmlns="http://www.openarchives.org/OAI/2.0/" xmlns:xsi="http://www.w3.org/2001/XMLSchema-instance" xsi:schemaLocation="http://www.openarchives.org/OAI/2.0/ http://www.openarchives.org/OAI/2.0/OAI-PMH.xsd"><responseDate>2026-06-29T08:13:40Z</responseDate><request verb="GetRecord" identifier="oai:docta.ucm.es:20.500.14352/135150" metadataPrefix="marc">https://docta.ucm.es/rest/oai/request</request><GetRecord><record><header><identifier>oai:docta.ucm.es:20.500.14352/135150</identifier><datestamp>2026-04-28T23:55:40Z</datestamp><setSpec>com_20.500.14352_14</setSpec><setSpec>col_20.500.14352_15</setSpec></header><metadata><record xmlns="http://www.loc.gov/MARC21/slim" xmlns:dcterms="http://purl.org/dc/terms/" xmlns:xsi="http://www.w3.org/2001/XMLSchema-instance" xmlns:doc="http://www.lyncode.com/xoai" xsi:schemaLocation="http://www.loc.gov/MARC21/slim http://www.loc.gov/standards/marcxml/schema/MARC21slim.xsd">
   <leader>00925njm 22002777a 4500</leader>
   <datafield ind2=" " ind1=" " tag="042">
      <subfield code="a">dc</subfield>
   </datafield>
   <datafield ind2=" " ind1=" " tag="720">
      <subfield code="a">Francisco Olmos, José María De</subfield>
      <subfield code="e">author</subfield>
   </datafield>
   <datafield ind2=" " ind1=" " tag="260">
      <subfield code="c">2018</subfield>
   </datafield>
   <datafield ind2=" " ind1=" " tag="520">
      <subfield code="a">En este trabajo se estudiará la figura de Felipe Guillermo de Neoburgo, que en la segunda mitad del siglo XVII se convirtió en el primer suegro de Europa, casando a sus hijas con los principales soberanos de Europa, gracias a la idea de que su familia era especialmente fértil y sus mujeres proclives a tener muchos hijos.

Además veremos como sus hijos varones alcanzaron también los más altos rangos eclesiásticos y militares, siempre en alianza estrecha con la Casa de Austria, que en estos momentos estaba muy cercana a su extinción, tanto en su rama de Madrid como en la de Viena. Por último veremos cómo tras esta primera generación, los varones de la Casa de Neoburgo se extinguen, y será a través de las hijas como se irán formando alianzas con las ramas menores de su familia para conservar unido el patrimonio familiar y al final unir toda la herencia de los dos Electores de la Casa de Wittelsbach</subfield>
   </datafield>
   <datafield ind2=" " ind1=" " tag="520">
      <subfield code="a">This paper studies Phlip William of Neoburg, who, in the first half of 17th century, became the first Europe’s «father-in-law», marrying her daughters with the major sobereings of Europe with the premise that his family was really fertile and the women of the family were prone to have lots of children. It studies too how his sons achieved the highest ecclesiastic and military ranks, always close connected with the Austria House, near its own extintion on that period, both in its Madrid and Vienna branches. Finally, it studies how the made line of Neoburg House became extint after this first generation and how it was the female line who would make alliances with the lesser branches of the family in order to preserve united the familial patrimony and, at the end, unify the heritage of the Wittelsbach House’s two Electors.</subfield>
   </datafield>
   <datafield ind1="8" ind2=" " tag="024">
      <subfield code="a">1137-1056</subfield>
   </datafield>
   <datafield ind1="8" ind2=" " tag="024">
      <subfield code="a">https://hdl.handle.net/20.500.14352/135150</subfield>
   </datafield>
   <datafield ind1="8" ind2=" " tag="024">
      <subfield code="a">https://ifc.dpz.es/</subfield>
   </datafield>
   <datafield ind1="8" ind2=" " tag="024">
      <subfield code="a">https://docta.ucm.es/bitstreams/1a8ef6d7-8f90-4f05-8229-3ce296c00e9d/download</subfield>
   </datafield>
   <datafield ind1="8" ind2=" " tag="024">
      <subfield code="a">https://dialnet.unirioja.es/servlet/articulo?codigo=6810683</subfield>
   </datafield>
   <datafield ind2="0" ind1="0" tag="245">
      <subfield code="a">Felipe guillermo de neoburgo. el primer suegro de europa. esplendor y extinción de la casa de neoburgo</subfield>
   </datafield>
   <datafield ind2="0" ind1="0" tag="245">
      <subfield code="a">Philip william of neoburg. first europe’s «father-in-law». splendor and extintion of the neoburg house</subfield>
   </datafield>
</record></metadata></record></GetRecord></OAI-PMH>